Breviario civil. 2, Derechos reales especiales

Detalles Bibliográficos
Autor principal: Faus, Manuel
Formato: Desconocido
Lenguaje:español
Publicado: [Barcelona] : vLex, 2008
Materias:
Acceso en línea:Acceso restringido

MARC

LEADER 00000ny a22000003n 4500
005 20110608103116.0
008 080925s20089999sp r s 000 a0spa c
035 |a 444 
040 |a UMA.RE  |d vLex 
080 |a 347(460)(051) 
080 |a 347.2(460)(051) 
090 |c 565  |d 565 
100 1 |a Faus, Manuel 
245 1 0 |a Breviario civil.  |n 2,  |p Derechos reales especiales  |h [Recurso electrn̤ico]  |c Manuel Faus 
256 |a Servicio en ln̕ea 
260 |a [Barcelona] :  |b vLex,  |c 2008 
506 1 |a Contenido solo disponible en los productos indicados  |d vLex Global  |d vLex Global (Academic Edition, excluding Law Schools)  |d vLex Global (U.S. Academic Edition, Law Schools)  |d vLex Global (U.S. Academic Edition, excluding Law Schools)  |d vLex Global (Academic Edition, Law Schools) 
650 0 7 |2 Tesauro vLex  |a Civil 
650 0 7 |2 Tesauro vLex  |a Inmobiliario y registral 
650 0 7 |2 Tesauro vLex  |a Bienes 
650 0 7 |2 Tesauro vLex  |a Derechos reales administrativos 
650 0 7 |2 Tesauro vLex  |a Derechos reales de garanta̕ 
650 0 7 |2 Tesauro vLex  |a Derechos reales limitados de goce 
740 0 |a vLex Libros (Servicios en ln̕ea) 
856 4 0 |z Acceso restringido  |u http://vlex.com/source/breviario-civil-derechos-reales-especiales-444 
942 |c BOOK